000 00302nam a22001337a 4500
008 210303b ||||| |||| 00| 0 eng d
020 _a0815145470
041 _aeng
080 _23th
_a616-053.2
100 _a8
101 _aPED
245 _aPrimary Pediatric Care
_cHoekelman,A.R
942 _2udc
_cBK
999 _c55582
_d55582